00607 2200229 4500001002100000005001500021035002000036007000300056008004100059020001800100082001000118084001600128100001900144245006500163250001000228260002900238300003500267650001900302700002100321504002400342990001100366INLIS00000000000897320210609112917 a0010-0621000041ta210609 j 0 ind  a979-683-921-0 a155.4 a155.4 LUS p0 aLUSI, Nuryanti1 aPsikologi Anak /cLusi Nuryanti; penyunting, Bambang Sarwiji acet.2 aJakarta :bIndeks,c2008 aviii, 92 hlm :bilus. ;c25 cm 4aPSIKOLOGI ANAK0 aBAMBANG, Sarwiji aBibliografi.: 91-92 a6232 a